Full OKC championship roster - Statistics

General Stats
  • This quiz has been taken 80 times
  • The average score is 12 of 18
Answer Stats
Position Answer % Correct
PG Shai Gilgeous Alexander
100%
SF/PF Jalen Williams
91%
SG/SF Alex Caruso
89%
PF/C Chet Holmgren
89%
C Jaylin Williams
89%
SG/SF Luguentz Dort
89%
C Isaiah Hartenstein
85%
PF/C Kenrich Williams
81%
SG/PG Cason Wallace
72%
SF/PF Aaron Wiggins
68%
SG/PG Isaiah Joe
64%
PG Nikola Topic
60%
PG/SG Ajay Mitchell
58%
PF/C Ousmane Dieng
43%
C Brandon Carlson
38%
PF/SF Dillon Jones
25%
PG/SG Alex Ducas
23%
SG/PG Adam Flagler
17%
No matching quizzes found
Score Distribution
Percent of People with Each Score
Percentile by Number Answered
Your Score History
You have not taken this quiz